[Event "Napoli Primavera al Vomero op"]
[Site "Napoli"]
[Date "2016.06.09"]
[Round "5"]
[White "Cosenza, Gianni"]
[Black "Esposito, Rosario"]
[Result "1/2-1/2"]
[WhiteElo "1952"]
[BlackElo "1802"]
[PlyCount "47"]
[EventDate "2016.05.05"]
[EventType "swiss"]
[EventRounds "6"]
[EventCountry "ITA"]
[SourceTitle "EXT 2018"]
[Source "ChessBase"]
[SourceDate "2017.10.13"]
[SourceVersion "1"]
[SourceVersionDate "2017.10.13"]
[SourceQuality "1"]

1. e4 c5 2. Nf3 e6 3. d4 cxd4 4. Nxd4 Nc6 5. Be2 Qc7 6. Be3 a6 7. 0-0 Nf6 8. Nc3 Bb4 9. f3 0-0 10. Kh1 b5 11. a4 Bxc3 12. bxc3 bxa4 13. Rxa4 Bb7 14. Nb3 d5 15. Bd3 dxe4 16. fxe4 Ne5 17. Nc5 Nxd3 18. cxd3 Nd7 19. Rc4 Bc6 20. Nxd7 Qxd7 21. Rd4 Qb7 22. Rb4 Qd7 23. Rd4 Qb7 24. Rb4 1/2-1/2

[Event "Napoli Province-ch"]
[Site "Napoli"]
[Date "2016.03.25"]
[Round "4"]
[White "Cocchia, Umberto"]
[Black "Esposito, Rosario"]
[Result "1/2-1/2"]
[WhiteElo "1840"]
[BlackElo "1808"]
[PlyCount "46"]
[EventDate "2016.02.25"]
[EventType "swiss"]
[EventRounds "7"]
[EventCountry "ITA"]
[SourceTitle "EXT 2018"]
[Source "ChessBase"]
[SourceDate "2017.10.13"]
[SourceVersion "1"]
[SourceVersionDate "2017.10.13"]
[SourceQuality "1"]

1. e4 c5 2. Nf3 e6 3. d4 cxd4 4. Nxd4 Nc6 5. Nb5 d6 6. Bf4 e5 7. Be3 a6 8. N5c3 Be6 9. Nd2 Nf6 10. Bg5 Be7 11. Bxf6 Bxf6 12. Bc4 0-0 13. 0-0 b5 14. Bb3 Nd4 15. Nd5 Nxb3 16. Nxb3 Be7 17. a4 Bxd5 18. Qxd5 b4 19. Na5 Qb6 20. Nc4 Qc7 21. Rad1 Rac8 22. b3 Rfd8 23. Kh1 Qc5 1/2-1/2

[Event "Napoli Giglio Memorial"]
[Site "Napoli"]
[Date "2015.10.09"]
[Round "4"]
[White "Symonovych, Volodymyr"]
[Black "Esposito, Rosario"]
[Result "0-1"]
[WhiteElo "1575"]
[BlackElo "1828"]
[PlyCount "122"]
[EventDate "2015.09.10"]
[EventType "swiss"]
[EventRounds "4"]
[EventCountry "ITA"]
[SourceTitle "EXT 2024"]
[Source "ChessBase"]
[SourceDate "2023.10.10"]
[SourceVersion "1"]
[SourceVersionDate "2023.10.10"]
[SourceQuality "1"]

1. e4 c5 2. Nf3 e6 3. d4 cxd4 4. Nxd4 Nc6 5. Nc3 Qc7 6. Be3 a6 7. Be2 Nf6 8. 0-0 Bb4 9. Nxc6 bxc6 10. Qd4 a5 11. f4 Bxc3 12. Qxc3 0-0 13. Bd3 Ba6 14. Bd4 Bxd3 15. cxd3 Ne8 16. Rf3 f6 17. Raf1 Nd6 18. Rg3 Nb5 19. Bxf6 Nxc3 20. Rxg7+ Kh8 21. Rxd7+ Rxf6 22. Rxc7 Nxa2 23. Rxc6 Nb4 24. Rd6 Rc8 25. g3 Rc2 26. Rf2 Rxf2 27. Rd8+ Kg7 28. Kxf2 Rf8 29. Rxf8 Kxf8 30. Ke3 Nc2+ 31. Kd2 Nd4 32. Kc3 Nc6 33. Kc4 Ke7 34. d4 Kd6 35. g4 Nb4 36. h4 Nc2 37. g5 Ne3+ 38. Kb5 Ng2 39. f5 exf5 40. exf5 Nxh4 41. f6 Nf3 42. f7 Ke7 43. Kxa5 Nxd4 44. Kb4 Kxf7 45. Kc4 Ne6 46. Kd3 Nxg5 47. Ke3 h5 48. Kf2 h4 49. b4 Ke6 50. Kg2 h3+ 51. Kh2 Kd5 52. Kh1 Kc4 53. Kh2 Kxb4 54. Kh1 Kc4 55. Kh2 Kd4 56. Kg3 Ke3 57. Kh2 Kf2 58. Kh1 Kg3 59. Kg1 Ne4 60. Kh1 Nf2+ 61. Kg1 h2+ 0-1

[Event "Napoli Antica Scuola 3rd"]
[Site "Napoli"]
[Date "2014.12.04"]
[Round "1"]
[White "Esposito, Rosario"]
[Black "Somma, Erminio"]
[Result "1-0"]
[WhiteElo "1807"]
[BlackElo "1511"]
[PlyCount "33"]
[EventDate "2014.12.04"]
[EventType "swiss"]
[EventRounds "6"]
[EventCountry "ITA"]
[SourceTitle "EXT 2017"]
[Source "ChessBase"]
[SourceDate "2016.10.25"]
[SourceVersion "1"]
[SourceVersionDate "2016.10.25"]
[SourceQuality "1"]

1. d4 f5 2. c4 Nf6 3. Nf3 g6 4. g3 Bg7 5. Bg2 0-0 6. 0-0 d6 7. Nc3 c6 8. d5 c5 9. Qc2 Qe8 10. Rb1 e5 11. dxe6 Bxe6 12. Nb5 Qe7 13. Bf4 Rd8 14. Rfd1 Ne8 15. Ng5 Bc8 16. Bd5+ Kh8 17. Nf7+ 1-0

[Event "Napoli Porreca Memorial 3rd"]
[Site "Napoli"]
[Date "2013.10.31"]
[Round "6"]
[White "Esposito, Rosario"]
[Black "Angelotti, Mario"]
[Result "1-0"]
[WhiteElo "1826"]
[BlackElo "1746"]
[PlyCount "79"]
[EventDate "2013.09.26"]
[EventType "swiss"]
[EventRounds "7"]
[EventCountry "ITA"]
[SourceTitle "EXT 2015"]
[Source "ChessBase"]
[SourceDate "2014.11.20"]
[SourceVersion "1"]
[SourceVersionDate "2014.11.20"]
[SourceQuality "1"]

1. d4 Nf6 2. c4 e6 3. Nc3 Bb4 4. f3 c6 5. e4 h6 6. e5 Nh7 7. Be3 Na6 8. Bd3 Nc7 9. Qc2 f5 10. exf6 Nxf6 11. Bg6+ Kf8 12. 0-0-0 d5 13. c5 Bxc3 14. Qxc3 Nb5 15. Qd2 Bd7 16. Ne2 Ke7 17. Nc3 Qa5 18. Nxd5+ Nxd5 19. Qxa5 Nxe3 20. a4 Nxd1 21. Rxd1 b6 22. Qe1 Nc7 23. Qe5 Ne8 24. Bxe8 Bxe8 25. Qd6+ Kf6 26. Re1 Bf7 27. Qxc6 Rac8 28. Qd6 Rhd8 29. Qf4+ Ke7 30. b4 Rd5 31. Re5 g5 32. Qe3 Rxe5 33. Qxe5 bxc5 34. bxc5 Rd8 35. c6 Rd5 36. Qc7+ Kf6 37. Qxa7 Be8 38. Qa8 Ke7 39. c7 Bd7 40. c8Q 1-0

[Event "Parthenope op 5th"]
[Site "Napoli"]
[Date "2013.05.16"]
[Round "2"]
[White "Esposito, Rosario"]
[Black "Somma, Erminio"]
[Result "1-0"]
[WhiteElo "1804"]
[BlackElo "1539"]
[PlyCount "143"]
[EventDate "2013.05.09"]
[EventType "swiss"]
[EventRounds "7"]
[EventCountry "ITA"]
[SourceTitle "EXT 2014"]
[Source "ChessBase"]
[SourceDate "2013.11.20"]
[SourceVersion "1"]
[SourceVersionDate "2013.11.20"]
[SourceQuality "1"]

1. d4 f5 2. c4 Nf6 3. Nf3 d6 4. g3 g6 5. Bg2 Bg7 6. 0-0 c6 7. Nc3 0-0 8. b3 Qe8 9. Bb2 e5 10. dxe5 dxe5 11. Qc2 e4 12. Nd4 Ng4 13. e3 Na6 14. Ba3 Rf7 15. Rad1 Bf8 16. Qc1 Nb4 17. Bxb4 Bxb4 18. Nde2 Bf8 19. Rd2 Rd7 20. Nd4 Rf7 21. Rfd1 Ne5 22. Nde2 Nd3 23. Qb1 Be6 24. Nc1 Ne5 25. N3e2 Nf3+ 26. Bxf3 exf3 27. Nd4 Rd8 28. Nxf3 Rxd2 29. Rxd2 Rd7 30. Rxd7 Qxd7 31. Nd3 Bg7 32. Nc5 Qf7 33. Ng5 Qf6 34. Ngxe6 b6 35. Nxg7 bxc5 36. Ne8 Qe7 37. Qd3 Qxe8 38. Qd6 Qe4 39. Qb8+ Kg7 40. Qxa7+ Kh6 41. Qxc5 Qb1+ 42. Kg2 Qe4+ 43. f3 Qc2+ 44. Kh3 Kg7 45. Qxc6 h5 46. Qd7+ Kh6 47. Qd4 Kh7 48. c5 Qxa2 49. c6 Qxb3 50. c7 Qe6 51. f4 g5 52. Qd2 g4+ 53. Kg2 Qc6+ 54. Kf2 Qxc7 55. Qd3 Qc6 56. Qxf5+ Kg7 57. Qg5+ Kf8 58. Qf5+ Kg8 59. Qd3 Qf3+ 60. Kg1 Qc6 61. Qd1 Qe4 62. Qd8+ Kf7 63. Qd7+ Kf6 64. Qd4+ Qxd4 65. exd4 Kf5 66. d5 Kf6 67. Kf2 Ke7 68. Ke3 Kd7 69. Ke4 Kd6 70. Kd4 Ke7 71. Ke5 Kd7 72. f5 1-0

[Event "Napoli Porreca Memorial 2nd"]
[Site "Napoli"]
[Date "2012.10.25"]
[Round "6"]
[White "Esposito, Rosario"]
[Black "Baccelliere, Antonio"]
[Result "1-0"]
[WhiteElo "1844"]
[BlackElo "1434"]
[PlyCount "33"]
[EventDate "2012.09.20"]
[EventType "swiss"]
[EventRounds "7"]
[EventCountry "ITA"]
[SourceTitle "EXT 2014"]
[Source "ChessBase"]
[SourceDate "2013.11.20"]
[SourceVersion "1"]
[SourceVersionDate "2013.11.20"]
[SourceQuality "1"]

1. d4 d5 2. c4 e6 3. Nc3 Nf6 4. Bg5 Bb4 5. e3 h6 6. Bxf6 Qxf6 7. Nf3 Nc6 8. Be2 0-0 9. Qb3 Bxc3+ 10. Qxc3 Re8 11. 0-0 Ne7 12. Rac1 c6 13. Ne5 Qf5 14. Bd3 Qh5 15. Qc2 f6 16. Bh7+ Kh8 17. g4 1-0